[Event "Mid Bohemia Region-chT 2223"]
[Site "Czech Republic"]
[Date "2023.01.29"]
[Round "7.3"]
[White "Hrdina, Robin"]
[Black "Fiala, Jan1111"]
[Result "1-0"]
[WhiteElo "2148"]
[BlackElo "1937"]
[PlyCount "83"]
[EventDate "2022.10.09"]
[EventType "team-tourn"]
[EventRounds "11"]
[EventCountry "CZE"]
[SourceTitle "EXT 2024"]
[Source "ChessBase"]
[SourceDate "2023.10.10"]
[SourceVersion "1"]
[SourceVersionDate "2023.10.10"]
[SourceQuality "1"]
[WhiteTeam "Vlasim II"]
[BlackTeam "Cesky Brod"]
[WhiteTeamCountry "CZE"]
[BlackTeamCountry "CZE"]

1. e4 c5 2. c3 a6 3. Nf3 g6 4. Bd3 Nc6 5. 0-0 Bg7 6. Re1 d6 7. h3 Nf6 8. Bc2 0-0 9. d3 Bd7 10. Nbd2 b5 11. Nf1 b4 12. d4 Rc8 13. dxc5 dxc5 14. e5 Ne8 15. c4 Be6 16. Qxd8 Nxd8 17. b3 f6 18. Bb2 Nc7 19. Rad1 Nf7 20. Ng3 f5 21. Ne2 Rfd8 22. Nf4 Rxd1 23. Rxd1 Rd8 24. Nd3 g5 25. Nxc5 Rxd1+ 26. Bxd1 g4 27. hxg4 fxg4 28. Nd4 Bxe5 29. Ndxe6 Nxe6 30. Nxe6 Bxb2 31. Bxg4 Ne5 32. Bf5 Kf7 33. Nc5 h6 34. Nxa6 Bc3 35. Kf1 Ke8 36. Ke2 Nc6 37. Kd3 Be1 38. f4 e5 39. Be4 Kd7 40. Bxc6+ Kxc6 41. fxe5 Kb6 42. e6 1-0

[Event "Pardubice Czech op-E 33rd"]
[Site "Pardubice"]
[Date "2022.07.16"]
[Round "4.1"]
[White "Cukrowski, Filip"]
[Black "Hrdina, Robin"]
[Result "1-0"]
[WhiteElo "2378"]
[BlackElo "2162"]
[PlyCount "65"]
[EventDate "2022.07.14"]
[EventType "team-swiss"]
[EventRounds "7"]
[EventCountry "CZE"]
[SourceTitle "CBM 209 Extra"]
[Source "ChessBase"]
[SourceDate "2022.09.30"]
[SourceVersion "1"]
[SourceVersionDate "2022.09.30"]
[SourceQuality "1"]
[WhiteTeam "Kamikadze"]
[BlackTeam "Vlasim Spartak"]
[WhiteTeamCountry "POL"]
[BlackTeamCountry "CZE"]

1. Nf3 Nf6 2. d4 e6 3. g3 d5 4. Bg2 b5 5. a4 b4 6. c4 bxc3 7. Nxc3 Be7 8. Bf4 c6 9. 0-0 a5 10. e4 0-0 11. Qc2 Na6 12. Ne5 Nb4 13. Qd2 Ba6 14. Rfc1 Nd7 15. exd5 cxd5 16. Nb5 Rc8 17. Rxc8 Bxc8 18. Rc1 Nxe5 19. Bxe5 Bd7 20. Bf1 Bc6 21. b3 Qa8 22. Bc7 Rc8 23. Bb6 h6 24. h4 Bf8 25. Qf4 Na2 26. Rc2 Nb4 27. Rc3 Bxb5 28. Rxc8 Qxc8 29. axb5 Qc3 30. Qb8 Qe1 31. Bc5 Nd3 32. Qxf8+ Kh7 33. Qxf7 1-0

[Event "Pardubice Czech op-E 32nd"]
[Site "Pardubice"]
[Date "2021.07.16"]
[Round "3.2"]
[White "Liska, Jiri2222"]
[Black "Hrdina, Robin"]
[Result "1-0"]
[WhiteElo "2277"]
[BlackElo "2205"]
[PlyCount "51"]
[EventDate "2021.07.15"]
[EventType "team-swiss"]
[EventRounds "7"]
[EventCountry "CZE"]
[SourceTitle "CBM 203 Extra"]
[Source "ChessBase"]
[SourceDate "2021.09.30"]
[SourceVersion "1"]
[SourceVersionDate "2021.09.30"]
[SourceQuality "1"]
[WhiteTeam "Turnov Zikuda II"]
[BlackTeam "Vlasim Spartak"]
[WhiteTeamCountry "CZE"]
[BlackTeamCountry "CZE"]

1. e4 e5 2. Nf3 Nc6 3. d4 exd4 4. Nxd4 Nf6 5. Nxc6 bxc6 6. e5 Qe7 7. Qe2 Nd5 8. c4 Nb6 9. Nc3 Ba6 10. b3 Qe6 11. Bb2 Bb4 12. 0-0-0 0-0 13. Qh5 Rfe8 14. Bd3 g6 15. Qg5 Be7 16. Qg3 Rab8 17. f4 f5 18. Qf2 Bb4 19. g4 fxg4 20. Ne4 Be7 21. Rhe1 Qf7 22. Rf1 Qe6 23. Rde1 Rf8 24. Qd4 c5 25. Qc3 Qc6 26. e6 1-0

[Event "Pardubice Czech op-E 31st"]
[Site "Pardubice"]
[Date "2020.09.20"]
[Round "6.4"]
[White "Hrdina, Robin"]
[Black "Pulpan, Jakub"]
[Result "0-1"]
[WhiteElo "2197"]
[BlackElo "2414"]
[PlyCount "116"]
[EventDate "2020.09.17"]
[EventType "team-swiss"]
[EventRounds "7"]
[EventCountry "CZE"]
[SourceTitle "CBM 198 Extra"]
[Source "ChessBase"]
[SourceDate "2020.11.30"]
[SourceVersion "1"]
[SourceVersionDate "2020.11.30"]
[SourceQuality "1"]
[WhiteTeam "Vlasim Anytrade"]
[BlackTeam "Stay Positive"]
[WhiteTeamCountry "CZE"]
[BlackTeamCountry "CZE"]

1. e4 c5 2. c3 d5 3. exd5 Qxd5 4. d4 Nc6 5. Nf3 Bf5 6. Be3 Nf6 7. Na3 cxd4 8. Nxd4 Nxd4 9. Qxd4 a6 10. Nc4 Rd8 11. Rd1 e6 12. Be2 Qxd4 13. Bxd4 Bc2 14. Rd2 Bb1 15. b3 b5 16. Ne5 Ba3 17. 0-0 Ne4 18. Rdd1 Bc2 19. Rc1 Bxc1 20. Rxc1 f6 21. Nc6 Rd6 22. Nb4 e5 23. Be3 Nxc3 24. Bf1 Nxa2 25. Nxa2 Bxb3 26. Nb4 Bc4 27. Bc5 Rd7 28. Bxc4 bxc4 29. Nxa6 Kf7 30. g3 Ra8 31. Nb4 Rc8 32. Rxc4 e4 33. Na6 Rd1+ 34. Kg2 Ra1 35. Rxe4 Rxa6 36. Re7+ Kg6 37. Be3 h5 38. h4 Rf8 39. Rb7 Rf7 40. Rb5 Re7 41. Kf3 Rae6 42. Rb3 Re5 43. Ra3 Rf5+ 44. Kg2 Rd7 45. Rb3 Rfd5 46. Kf3 Kf5 47. Rb4 Re5 48. Ra4 Rd3 49. Rf4+ Ke6 50. Ra4 Rb3 51. Ra7 g5 52. hxg5 fxg5 53. Rh7 g4+ 54. Ke2 Rd5 55. Rh6+ Kf7 56. Rh7+ Kg6 57. Re7 Rb2+ 58. Kf1 Rd1+ 0-1

[Event "Pardubice Czech op-E 31st"]
[Site "Pardubice"]
[Date "2020.09.17"]
[Round "1.4"]
[White "Hrdina, Robin"]
[Black "Hruska, Pavel"]
[Result "1-0"]
[WhiteElo "2197"]
[BlackElo "1914"]
[PlyCount "57"]
[EventDate "2020.09.17"]
[EventType "team-swiss"]
[EventRounds "7"]
[EventCountry "CZE"]
[SourceTitle "CBM 198 Extra"]
[Source "ChessBase"]
[SourceDate "2020.11.30"]
[SourceVersion "1"]
[SourceVersionDate "2020.11.30"]
[SourceQuality "1"]
[WhiteTeam "Vlasim Anytrade"]
[BlackTeam "Unichess Holdem"]
[WhiteTeamCountry "CZE"]
[BlackTeamCountry "CZE"]

1. e4 c5 2. c3 e5 3. Nf3 Nc6 4. Be2 Nf6 5. d3 Be7 6. 0-0 0-0 7. Nbd2 d5 8. exd5 Qxd5 9. Nc4 Rd8 10. Ne3 Qe6 11. Qc2 h6 12. Rd1 Nd5 13. a4 b6 14. Nc4 Qf6 15. Be3 Bf5 16. Qb3 Rab8 17. d4 e4 18. Nfe5 Nxe3 19. fxe3 Rf8 20. Rf1 Nxe5 21. Nxe5 Qg5 22. Bc4 Qxe3+ 23. Kh1 cxd4 24. Rxf5 d3 25. Rxf7 Rxf7 26. Bxf7+ Kh8 27. Ng6+ Kh7 28. Nxe7 d2 29. Bg8+ 1-0

[Event "Chotysany sim"]
[Site "Chotysany"]
[Date "2020.08.08"]
[Round "1"]
[White "Hrdina, Robin"]
[Black "Navara, David"]
[Result "0-1"]
[WhiteElo "2243"]
[BlackElo "2719"]
[PlyCount "84"]
[EventDate "2020.08.08"]
[EventType "simul"]
[EventRounds "1"]
[EventCountry "CZE"]
[SourceTitle "CBM 197 Extra"]
[Source "ChessBase"]
[SourceDate "2020.09.30"]
[SourceVersion "1"]
[SourceVersionDate "2020.09.30"]
[SourceQuality "1"]

1. e4 e5 2. Nf3 Nc6 3. d4 exd4 4. Bc4 Nf6 5. e5 d5 6. Bb5 Ne4 7. Nxd4 Bc5 8. Be3 0-0 9. Nxc6 bxc6 10. Bxc5 Nxc5 11. Bxc6 Rb8 12. Qxd5 Qe7 13. 0-0 Ba6 14. Re1 Rfd8 15. Qf3 Ne6 16. Nc3 Rxb2 17. Nd5 Qc5 18. Rad1 Rxc2 19. Nf6+ gxf6 20. Rxd8+ Nxd8 21. exf6 Ne6 22. Ba4 Rc1 23. Bd1 Qc3 24. Qg4+ Kf8 25. Rxe6 Rxd1+ 26. Qxd1 fxe6 27. Qd8+ Kf7 28. Qe7+ Kg6 29. Qg7+ Kf5 30. g4+ Kf4 31. Qh6+ Ke5 32. f7 Qe1+ 33. Kg2 Bb7+ 34. f3 Qe2+ 35. Kg1 Qd1+ 36. Kf2 Qxf3+ 37. Ke1 Qxf7 38. Qe3+ Kd6 39. Qd4+ Bd5 40. Qb4+ Kd7 41. Qb5+ Kc8 42. Qa6+ Bb7 0-1

[Event "CZE-chT2A 1920"]
[Site "Czech Republic"]
[Date "2020.02.23"]
[Round "9.3"]
[White "Zvara, Petr"]
[Black "Hrdina, Robin"]
[Result "1-0"]
[WhiteElo "2352"]
[BlackElo "2252"]
[PlyCount "105"]
[EventDate "2019.10.13"]
[EventType "team-tourn"]
[EventRounds "11"]
[EventCountry "CZE"]
[SourceTitle "EXT 2024"]
[Source "ChessBase"]
[SourceDate "2023.10.10"]
[SourceVersion "1"]
[SourceVersionDate "2023.10.10"]
[SourceQuality "1"]
[WhiteTeam "Praha Bohemians"]
[BlackTeam "Vlasim II"]
[WhiteTeamCountry "CZE"]
[BlackTeamCountry "CZE"]

1. e4 e5 2. Nf3 Nc6 3. Bb5 a6 4. Ba4 Nf6 5. 0-0 Be7 6. Re1 b5 7. Bb3 d6 8. c3 0-0 9. h3 Nb8 10. d4 Nbd7 11. Nbd2 Bb7 12. Bc2 Re8 13. Nf1 Bf8 14. Ng3 g6 15. a4 Nb6 16. b3 Bg7 17. Bg5 h6 18. Bd2 Qc8 19. Bd3 bxa4 20. bxa4 a5 21. Qc1 Kh7 22. Ra3 c5 23. Bb5 Re7 24. d5 c4 25. Be3 Nfd7 26. Nd2 Nc5 27. Qb1 Rb8 28. Qa2 Rc7 29. Nxc4 Nxc4 30. Bxc4 f5 31. exf5 gxf5 32. Qe2 f4 33. Bxc5 Rxc5 34. Bd3+ Kg8 35. Nf5 Qc7 36. c4 Bc8 37. Nh4 Qe7 38. Nf3 Bd7 39. Qe4 Rc7 40. Nd4 Qf6 41. Nb5 Rc5 42. Rb1 Rf8 43. Nc3 Bf5 44. Qxf5 Qxf5 45. Bxf5 Rxf5 46. Ne4 Rc7 47. Nxd6 Rf8 48. Rb7 Rxb7 49. Nxb7 e4 50. c5 e3 51. Kf1 Re8 52. fxe3 fxe3 53. Ke2 1-0

[Event "CZE-chT1W 1920"]
[Site "Czech Republic"]
[Date "2020.02.16"]
[Round "8.4"]
[White "Plischki, Sebastian"]
[Black "Hrdina, Robin"]
[Result "1-0"]
[WhiteElo "2391"]
[BlackElo "2222"]
[PlyCount "111"]
[EventDate "2019.10.20"]
[EventType "team-tourn"]
[EventRounds "11"]
[EventCountry "CZE"]
[SourceTitle "CBM 195 Extra"]
[Source "ChessBase"]
[SourceDate "2020.05.31"]
[SourceVersion "1"]
[SourceVersionDate "2020.05.31"]
[SourceQuality "1"]
[WhiteTeam "Praha DP EA Hotels"]
[BlackTeam "Vlasim Spartak"]
[WhiteTeamCountry "CZE"]
[BlackTeamCountry "CZE"]

1. Nf3 Nf6 2. c4 e6 3. g3 d5 4. Bg2 dxc4 5. Qa4+ Bd7 6. Qxc4 c5 7. 0-0 Bc6 8. Nc3 Nbd7 9. e4 Be7 10. Qe2 0-0 11. d4 cxd4 12. Nxd4 e5 13. Nxc6 bxc6 14. Rd1 Bc5 15. Be3 Qe7 16. Na4 Bxe3 17. Qxe3 Nb6 18. Nxb6 axb6 19. Qxb6 Rab8 20. Qxc6 Rxb2 21. Qd6 Qa7 22. Rd2 Rxd2 23. Qxd2 Qa3 24. Qc1 Qa4 25. Qd1 Qa5 26. a4 Rd8 27. Qe1 Qxe1+ 28. Rxe1 Ra8 29. Ra1 Nd7 30. a5 Kf8 31. f3 Nc5 32. Ra3 Ke7 33. Bf1 Kd6 34. Kf2 f6 35. Ke3 Kc6 36. Bc4 Ra7 37. h4 h6 38. f4 Na6 39. fxe5 fxe5 40. Bxa6 Rxa6 41. h5 Kb5 42. Rd3 Kc4 43. Rd5 Re6 44. Kf3 g6 45. hxg6 Rf6+ 46. Kg4 Rxg6+ 47. Kh4 h5 48. Rxe5 Kd4 49. Rxh5 Kxe4 50. g4 Ra6 51. Rb5 Ra8 52. Kg3 Ra6 53. g5 Ra8 54. Kg4 Rc8 55. a6 Rc1 56. Ra5 1-0

[Event "CZE-chT2A 1920"]
[Site "Czech Republic"]
[Date "2019.12.01"]
[Round "4.1"]
[White "Hrdina, Robin"]
[Black "Bodicky, Michal"]
[Result "1/2-1/2"]
[WhiteElo "2252"]
[BlackElo "2095"]
[PlyCount "64"]
[EventDate "2019.10.13"]
[EventType "team-tourn"]
[EventRounds "11"]
[EventCountry "CZE"]
[SourceTitle "EXT 2024"]
[Source "ChessBase"]
[SourceDate "2023.10.10"]
[SourceVersion "1"]
[SourceVersionDate "2023.10.10"]
[SourceQuality "1"]
[WhiteTeam "Vlasim II"]
[BlackTeam "Pribram Banik"]
[WhiteTeamCountry "CZE"]
[BlackTeamCountry "CZE"]

1. e4 e5 2. Nf3 Nf6 3. Nc3 Nc6 4. d4 exd4 5. Nxd4 Bb4 6. Nxc6 bxc6 7. Bd3 d5 8. exd5 cxd5 9. 0-0 0-0 10. Bg5 Be7 11. Bxf6 Bxf6 12. Nxd5 Bxb2 13. Rb1 Rb8 14. Re1 Be6 15. c4 Bxd5 16. cxd5 g6 17. Bc4 Qf6 18. Qc2 Be5 19. Bb3 Bd6 20. Re2 Rb4 21. Re4 a5 22. Rxb4 axb4 23. Re1 Kg7 24. Qe4 h5 25. h4 Bc5 26. Re2 Rb8 27. g3 Rb6 28. Kg2 Qa1 29. Qe5+ Qxe5 30. Rxe5 Rf6 31. Re2 Rf5 32. f4 Rf6 1/2-1/2

[Event "CZE-chT2A 1920"]
[Site "Czech Republic"]
[Date "2019.11.17"]
[Round "3.2"]
[White "Hrdina, Robin"]
[Black "Dolezal, Radoslav"]
[Result "0-1"]
[WhiteElo "2252"]
[BlackElo "2371"]
[PlyCount "112"]
[EventDate "2019.10.13"]
[EventType "team-tourn"]
[EventRounds "11"]
[EventCountry "CZE"]
[SourceTitle "EXT 2024"]
[Source "ChessBase"]
[SourceDate "2023.10.10"]
[SourceVersion "1"]
[SourceVersionDate "2023.10.10"]
[SourceQuality "1"]
[WhiteTeam "Vlasim II"]
[BlackTeam "Pankrac II"]
[WhiteTeamCountry "CZE"]
[BlackTeamCountry "CZE"]

1. e4 c6 2. d4 d5 3. Nd2 dxe4 4. Nxe4 Nd7 5. Ng5 Ngf6 6. Bd3 e6 7. N5f3 Be7 8. Qe2 0-0 9. Ne5 h6 10. Ngf3 c5 11. g4 cxd4 12. g5 hxg5 13. Bxg5 Nd5 14. Nxd7 Bxd7 15. Rg1 Nb4 16. Bh6 Bf6 17. Nd2 Qa5 18. Qg4 Nxd3+ 19. cxd3 g6 20. Bxf8 Kxf8 21. Qf3 Bg5 22. Rxg5 Qxg5 23. Qxb7 Rd8 24. 0-0-0 Bb5 25. Qe4 Rc8+ 26. Kb1 Qc5 27. Nc4 Bxc4 28. dxc4 Qxc4 29. b3 Qc7 30. Qxd4 Qc2+ 31. Ka1 Kg8 32. Qd2 Qf5 33. Kb2 a6 34. f4 Rc5 35. Qd8+ Kh7 36. Qd2 Rd5 37. Qe2 Rxd1 38. Qxd1 Qxf4 39. Qe2 Qd4+ 40. Ka3 a5 41. Qb5 e5 42. Qxa5 e4 43. Qb4 Qa7+ 44. Kb2 Qf2+ 45. Ka3 e3 46. Qd4 Kg8 47. Qd8+ Kg7 48. Qd4+ f6 49. Qd7+ Kh6 50. Qd4 Kg5 51. b4 Qd2 52. Qc5+ f5 53. Qe7+ Kg4 54. Qe6 Qd3+ 55. Ka4 g5 56. b5 e2 0-1

[Event "CZE-chT1W 1920"]
[Site "Czech Republic"]
[Date "2019.11.10"]
[Round "2.6"]
[White "Hrdina, Robin"]
[Black "Michalek, Jan"]
[Result "1-0"]
[WhiteElo "2222"]
[BlackElo "2252"]
[PlyCount "73"]
[EventDate "2019.10.20"]
[EventType "team-tourn"]
[EventRounds "11"]
[EventCountry "CZE"]
[SourceTitle "CBM 193 Extra"]
[Source "ChessBase"]
[SourceDate "2020.01.31"]
[SourceVersion "1"]
[SourceVersionDate "2020.01.31"]
[SourceQuality "1"]
[WhiteTeam "Vlasim Spartak"]
[BlackTeam "Line"]
[WhiteTeamCountry "CZE"]
[BlackTeamCountry "CZE"]

1. e4 c5 2. c3 d5 3. exd5 Qxd5 4. d4 Nf6 5. Nf3 Nc6 6. Be3 Ng4 7. Nbd2 Nxe3 8. fxe3 e6 9. Bd3 Be7 10. Qc2 Qh5 11. 0-0 Bd7 12. Rae1 Rc8 13. a3 0-0 14. Ne4 b6 15. c4 cxd4 16. exd4 Rfd8 17. Qe2 Be8 18. Ng3 Qg4 19. d5 Nd4 20. Nxd4 Qxd4+ 21. Kh1 g6 22. Rd1 Qh4 23. dxe6 Bd6 24. Qf3 fxe6 25. Bc2 Be7 26. Rxd8 Rxd8 27. Bb3 Kg7 28. c5 Bxc5 29. Ne4 Be7 30. Qc3+ Kh6 31. Qe3+ Kg7 32. Bxe6 h6 33. Qc3+ Kh7 34. Qe5 Rd3 35. g3 Qh5 36. Bg8+ Kxg8 37. Qxe7 1-0

[Event "CZE-chT1W 1920"]
[Site "Czech Republic"]
[Date "2019.10.20"]
[Round "1.2"]
[White "Liska, Jiri2222"]
[Black "Hrdina, Robin"]
[Result "1-0"]
[WhiteElo "2302"]
[BlackElo "2222"]
[PlyCount "69"]
[EventDate "2019.10.20"]
[EventType "team-tourn"]
[EventRounds "11"]
[EventCountry "CZE"]
[SourceTitle "CBM 192 Extra"]
[Source "Chessbase"]
[SourceDate "2019.11.06"]
[SourceVersion "1"]
[SourceVersionDate "2019.11.06"]
[SourceQuality "1"]
[WhiteTeam "Turnov Zikuda II"]
[BlackTeam "Vlasim Spartak"]
[WhiteTeamCountry "CZE"]
[BlackTeamCountry "CZE"]

1. e4 c5 2. Nf3 e6 3. d4 cxd4 4. Nxd4 a6 5. Nc3 Qc7 6. g3 Nf6 7. Bg2 Be7 8. 0-0 d6 9. a4 Nbd7 10. h3 0-0 11. Qe2 Rb8 12. f4 Rd8 13. Be3 Nb6 14. Rad1 Bd7 15. g4 Nxa4 16. Nxa4 Bxa4 17. b3 Bd7 18. g5 Ne8 19. Qf2 Rdc8 20. Rd2 Bc6 21. f5 e5 22. Nxc6 bxc6 23. f6 Bf8 24. h4 Rb7 25. h5 Rd8 26. Qg3 Qa5 27. Rdf2 Qc3 28. fxg7 Nxg7 29. Rf3 Qxc2 30. g6 Rdd7 31. Bh3 Rdc7 32. gxf7+ Rxf7 33. Be6 Qxe4 34. Rxf7 Rxf7 35. Bxf7+ 1-0

[Event "Prague Summer op-A 6th"]
[Site "Prague"]
[Date "2019.08.06"]
[Round "6"]
[White "Yakimenko, Alexander A"]
[Black "Hrdina, Robin"]
[Result "1/2-1/2"]
[WhiteElo "2100"]
[BlackElo "2229"]
[PlyCount "71"]
[EventDate "2019.08.02"]
[EventType "swiss"]
[EventRounds "9"]
[EventCountry "CZE"]
[SourceTitle "CBM 191 Extra"]
[Source "ChessBase"]
[SourceDate "2019.09.30"]
[SourceVersion "1"]
[SourceVersionDate "2019.09.30"]
[SourceQuality "1"]

1. e4 e5 2. Nf3 Nc6 3. Bb5 a6 4. Ba4 Nf6 5. 0-0 Be7 6. Re1 b5 7. Bb3 d6 8. c3 0-0 9. h3 Nb8 10. d4 Nbd7 11. Nbd2 Bb7 12. Bc2 Re8 13. Nf1 Bf8 14. Ng3 g6 15. Bg5 h6 16. Bd2 Bg7 17. a4 Nb6 18. a5 Nc4 19. Bc1 d5 20. Nxe5 Nxe5 21. dxe5 Nxe4 22. Bf4 g5 23. Nxe4 dxe4 24. Bg3 Bxe5 25. Bxe4 Bxe4 26. Rxe4 Bxg3 27. Rxe8+ Qxe8 28. fxg3 Qe3+ 29. Kh2 Re8 30. Qd7 c5 31. Rf1 Qe6 32. Qc7 c4 33. Rd1 Kg7 34. Rd6 Qe5 35. Qb6 Re6 36. Rxe6 1/2-1/2

[Event "Prague Summer op-A 6th"]
[Site "Prague"]
[Date "2019.08.05"]
[Round "5"]
[White "Ptacek, Lubos"]
[Black "Hrdina, Robin"]
[Result "0-1"]
[WhiteElo "2101"]
[BlackElo "2229"]
[PlyCount "74"]
[EventDate "2019.08.02"]
[EventType "swiss"]
[EventRounds "9"]
[EventCountry "CZE"]
[SourceTitle "CBM 191 Extra"]
[Source "ChessBase"]
[SourceDate "2019.09.30"]
[SourceVersion "1"]
[SourceVersionDate "2019.09.30"]
[SourceQuality "1"]

1. e4 c5 2. Nf3 e6 3. d4 cxd4 4. Nxd4 a6 5. Be2 Nf6 6. Nc3 Qc7 7. Bd2 Nc6 8. Nxc6 bxc6 9. 0-0 d5 10. exd5 cxd5 11. Bf3 Bd6 12. h3 0-0 13. Re1 Rb8 14. Rb1 Bb7 15. Be3 Qc6 16. Bd4 Nd7 17. Qd2 Qc7 18. Be3 Ne5 19. Be2 Rbd8 20. Bd3 Nxd3 21. Qxd3 d4 22. Bxd4 Bh2+ 23. Kh1 e5 24. Kxh2 exd4+ 25. Qg3 Qxg3+ 26. Kxg3 dxc3 27. bxc3 Rd7 28. Rb6 Rc7 29. Re3 g6 30. c4 a5 31. Re5 a4 32. Ra5 Be4 33. Rxa4 Bxc2 34. Rab4 Rfc8 35. Rb8 Rxb8 36. Rxb8+ Kg7 37. Rb4 Bd3 0-1

[Event "Pardubice Czech op-A 30th"]
[Site "Pardubice"]
[Date "2019.07.26"]
[Round "8"]
[White "Rakesh, Kumar Jena"]
[Black "Hrdina, Robin"]
[Result "1-0"]
[WhiteElo "2395"]
[BlackElo "2229"]
[PlyCount "75"]
[EventDate "2019.07.19"]
[EventType "swiss"]
[EventRounds "9"]
[EventCountry "CZE"]
[SourceTitle "CBM 191"]
[Source "ChessBase"]
[SourceDate "2019.08.31"]
[SourceVersion "1"]
[SourceVersionDate "2019.08.31"]
[SourceQuality "1"]

1. d4 d5 2. Bf4 Nf6 3. Nf3 e6 4. e3 Bd6 5. Bg3 0-0 6. Nbd2 c5 7. c3 b6 8. Bd3 Nc6 9. e4 dxe4 10. Nxe4 Nxe4 11. Bxe4 Bb7 12. dxc5 Bxc5 13. Qa4 Rc8 14. Rd1 Qe7 15. b4 f5 16. Bb1 Nxb4 17. Bh4 Qc7 18. cxb4 Bxf3 19. gxf3 Qf4 20. Bg3 Qxb4+ 21. Qxb4 Bxb4+ 22. Ke2 f4 23. Rd4 fxg3 24. Rxb4 gxh2 25. Rxh2 h6 26. Rd4 Rc3 27. Bd3 Rfc8 28. Rhh4 e5 29. Rd7 Ra3 30. Bc4+ Kh8 31. Rg4 g5 32. Re4 Rc5 33. Bd5 Rc2+ 34. Kd1 Rac3 35. Rxe5 Rc1+ 36. Ke2 R3c2+ 37. Kd3 Rc3+ 38. Kd4 1-0

[Event "CZE-chT2A 1819"]
[Site "Czech Republic"]
[Date "2019.02.10"]
[Round "8.4"]
[White "Hrdina, Robin"]
[Black "Stinka, Jakub"]
[Result "1-0"]
[WhiteElo "2246"]
[BlackElo "2086"]
[PlyCount "49"]
[EventDate "2018.10.14"]
[EventType "team-tourn"]
[EventRounds "11"]
[EventCountry "CZE"]
[SourceTitle "EXT 2022"]
[Source "ChessBase"]
[SourceDate "2021.10.06"]
[SourceVersion "1"]
[SourceVersionDate "2021.10.06"]
[SourceQuality "1"]
[WhiteTeam "Vlasim"]
[BlackTeam "Pisek"]
[WhiteTeamCountry "CZE"]
[BlackTeamCountry "CZE"]

1. e4 c5 2. Nf3 d6 3. d4 cxd4 4. Nxd4 Nf6 5. Nc3 Nc6 6. Bc4 e6 7. Be3 Be7 8. Qe2 a6 9. Bb3 0-0 10. 0-0-0 Qe8 11. Rhg1 Nd7 12. g4 Nc5 13. g5 Bd7 14. Kb1 b5 15. Qh5 b4 16. Nd5 exd5 17. Bxd5 Nxd4 18. Bxd4 Ne6 19. Bf6 Kh8 20. Bxa8 gxf6 21. gxf6 Bxf6 22. Qf5 Qe7 23. Rxd6 Bd4 24. Rd5 Rxa8 25. Qxh7+ 1-0

[Event "CZE-chT1W 1819"]
[Site "Czech Republic"]
[Date "2019.01.20"]
[Round "6.7"]
[White "Richtrova, Eliska"]
[Black "Hrdina, Robin"]
[Result "1/2-1/2"]
[WhiteElo "2180"]
[BlackElo "2246"]
[PlyCount "80"]
[EventDate "2018.10.21"]
[EventType "team-tourn"]
[EventRounds "11"]
[EventCountry "CZE"]
[SourceTitle "CBM 188 Extra"]
[Source "ChessBase"]
[SourceDate "2019.02.26"]
[SourceVersion "1"]
[SourceVersionDate "2019.02.26"]
[SourceQuality "1"]
[WhiteTeam "Ceske Budejovice"]
[BlackTeam "Polabiny"]
[WhiteTeamCountry "CZE"]
[BlackTeamCountry "CZE"]

1. Nf3 Nf6 2. g3 d5 3. Bg2 e6 4. 0-0 Be7 5. b3 0-0 6. Bb2 c5 7. e3 Nc6 8. c4 dxc4 9. bxc4 Qc7 10. d4 Rd8 11. Nbd2 cxd4 12. exd4 Rb8 13. Qe2 b6 14. Rfe1 Ba6 15. Rac1 Rbc8 16. Qe3 h6 17. Bh3 Rb8 18. Bxe6 fxe6 19. Qxe6+ Kh8 20. d5 Rd6 21. Qe3 Bb7 22. Nh4 Ng4 23. Qe4 Bxh4 24. gxh4 Rg6 25. f4 Ne7 26. Kf1 Rf8 27. Ke2 Rxf4 28. Qd3 Nf2 29. Qe3 Rg2 30. Rg1 Rfg4 31. Qxh6+ Kg8 32. Qe6+ Kh7 33. Rxg2 Rxg2 34. Nf3 Ng4+ 35. Ke1 Rxb2 36. Ng5+ Kh8 37. Nf7+ Kh7 38. Ng5+ Kh8 39. Nf7+ Kh7 40. Ng5+ Kh8 1/2-1/2

[Event "CZE-chT1W 1819"]
[Site "Czech Republic"]
[Date "2018.11.25"]
[Round "3.8"]
[White "Hrdina, Robin"]
[Black "Cuhra, Martin"]
[Result "1-0"]
[WhiteElo "2246"]
[BlackElo "2233"]
[PlyCount "63"]
[EventDate "2018.10.21"]
[EventType "team-tourn"]
[EventRounds "11"]
[EventCountry "CZE"]
[SourceTitle "CBM 187 Extra"]
[Source "ChessBase"]
[SourceDate "2018.11.04"]
[SourceVersion "1"]
[SourceVersionDate "2018.11.04"]
[SourceQuality "1"]
[WhiteTeam "Polabiny"]
[BlackTeam "Praha Oaza"]
[WhiteTeamCountry "CZE"]
[BlackTeamCountry "CZE"]

1. e4 c5 2. Nf3 Nc6 3. Bb5 g6 4. Bxc6 dxc6 5. d3 Bg7 6. h3 Nf6 7. Nc3 Nd7 8. Be3 e5 9. Qd2 Qe7 10. 0-0 Nf8 11. Nh2 Ne6 12. Ne2 h5 13. Rae1 h4 14. f4 exf4 15. Nxf4 Nxf4 16. Bxf4 Be5 17. Nf3 Bxf4 18. Qxf4 Be6 19. Ng5 0-0-0 20. b3 Rd7 21. Qf6 Rh5 22. Nxe6 fxe6 23. Qxg6 Rg5 24. Qf6 Rg3 25. Re2 Qd6 26. Qf8+ Kc7 27. Qxd6+ Kxd6 28. e5+ Kd5 29. Rf4 c4 30. Rxc4 Rdg7 31. Rxh4 R7g5 32. Kh2 1-0

[Event "CZE-chT2A 1819"]
[Site "Czech Republic"]
[Date "2018.11.04"]
[Round "2.1"]
[White "Hrdina, Robin"]
[Black "Havlik, Jan"]
[Result "1-0"]
[WhiteElo "2246"]
[BlackElo "2400"]
[PlyCount "93"]
[EventDate "2018.10.14"]
[EventType "team-tourn"]
[EventRounds "11"]
[EventCountry "CZE"]
[SourceTitle "EXT 2022"]
[Source "ChessBase"]
[SourceDate "2021.10.06"]
[SourceVersion "1"]
[SourceVersionDate "2021.10.06"]
[SourceQuality "1"]
[WhiteTeam "Vlasim"]
[BlackTeam "Tabor"]
[WhiteTeamCountry "CZE"]
[BlackTeamCountry "CZE"]

1. e4 c5 2. Nf3 Nc6 3. Bb5 g6 4. Bxc6 dxc6 5. d3 Bg7 6. h3 e5 7. Nc3 Be6 8. Be3 b6 9. Qd2 h6 10. 0-0-0 Qc7 11. Nh2 0-0-0 12. Kb1 Nf6 13. Qe2 Nd7 14. Qf1 f5 15. f4 Rhf8 16. exf5 Rxf5 17. g3 b5 18. Qe1 Re8 19. Ne4 Bd5 20. Rf1 c4 21. g4 exf4 22. gxf5 fxe3 23. Qxe3 cxd3 24. Nd6+ Qxd6 25. Qxe8+ Kc7 26. Rxd3 Qxh2 27. fxg6 Qg2 28. Re1 Qf2 29. Qe3 Qf6 30. Qxa7+ Kd6 31. Qa3+ Kc7 32. Qa7+ Kd6 33. Qa3+ Kc7 34. Rde3 Qxg6 35. Re7 Bd4 36. Qa5+ Kc8 37. Re8+ Kb7 38. Qa8+ Kc7 39. Qc8+ Kd6 40. Rd8 Be6 41. Qb8+ Kc5 42. Qa7+ Kc4 43. b3+ Kc3 44. Re3+ Bxe3 45. Qxe3+ Kb4 46. Qd4+ Ka3 47. Ra8# 1-0